00562nam a2200193 a 4500001001300000003000900013005001700022008004100039020002200080082001600102100001600118245010800134260002500242300000900267500003500276505001700311650002400328700001600352nice12345678IN_TiNIC20260116015045.0080218s1998 dela grp 000 0 eng  a8172144598 c9500a333.31bLAW aLawrence, J aAn Ethical Critique of Land ReformbWith Special Reference to the Kerala Land Reform(amendment Act 1969 aDelhi bISPCK c1998 a128p aincludes index and biblioraphy2 aBibliography aLand Reforms-Kerala1 aLawrence, J